| 000 | 00403nam a22001217a 4500 | ||
|---|---|---|---|
| 008 | 161206b xxu||||| |||| 00| 0 eng d | ||
| 050 | _aBX1675.C561 1959 | ||
| 245 |
_aThe Church to Africa _bPastoral letters of the African Hierarchies _cCatholic Church |
||
| 260 |
_aLondon _bSword of the Spirit _c1959 |
||
| 300 |
_a136p. ; _c19cm. |
||
| 650 |
_aCatholic Church in Africa _926036 |
||
| 942 |
_2lcc _cMONOGRAPH |
||
| 999 |
_c125879 _d125879 |
||